00633nam a2200181 a 450000100100000000500170001000800410002702000180006804000250008608200150011110000420012624500800016826000440024830000200029250000710031258600430038370000250042600004604520201002052613.0150612s2010 dr 000 p spa d a9789945866773 aDO-SdBNPbspacBNPHU axxxxbxxxx1 aGonzález Pérez, María Iluminada10aNaufragios /cMaría Iluminada González Pérez ; edicion Viana Lechuga. aSanto Domingo :bCasa de Teatro,c2010. a61 p. ;c21 cm. aIncluye datos biográficos de la autora en solapa de la cubierta. aPremio Internacional de Poesía 2010.12aLechuga, Viana,eed.